00430nam a2200169Ia 4500003000400000005001700004008004100021020001500062040001800077041000800095082002100103100001900124245003500143250001200178260004600190300002400236OSt20241213103235.0210716s1998 xx 000 0 und d a0312969120 cAIMIT LIBRARY aeng a808.83 21bHALJ aHall, James W. aBody language /cJames W Hall. a1st ed. aNew York :bSt Martins Press Inc ;c1998. a370p. ;bPBc17 cm.